000 00377nam a2200157Ia 4500
008 151213s9999 xx 000 0 und d
100 _aR.S.Pressman
245 _aSoftware Engineering
_cR.S.Pressman
250 _a6th
260 _aNew Delhi
_bMc Graw Hlill
_c2008
300 _a5268 p.
650 _aComputer
650 _aComputer
700 _aR.S.Pressman
999 _c3251
_d3251